00726nam a22001937a 4500003000900000008004100009020001800050040007100068082001600139100001900155245005600174260005600230300002800286505013500314650001500449650001300464650002700477700002800504AR-CdUCM190327b ||||| |||| 00| 0 spa d a91-631-0736-8 aMUNICIPALIDAD PROVINCIAL DEL CUSCOcBIBLIOTECA MUNICIPAL DEL CUSCO a150 /bG216 aGarcia, Camilo aEl saber de sí y la conducta del hombre moderno / aEstocolmo :bEdiciones Perspectiva Cultural,c2001. a202 páginas ;c21 cm. aContenido: El saber de sí del hombre moderno -- Mimetismo y violencia -- Nietzsche o el valor de la vida -- El proceso de Kafka. aPsicologia aConducta aHistoria sociocultural aSantos, Marta (portada)